| 000 | 00810cam a2200253 4500 | ||
|---|---|---|---|
| 001 | WB3542-39 | ||
| 008 | 000000n1999 000 0 eng u | ||
| 035 | _a(Sirsi) u100872 | ||
| 245 | _aStamp duty hike | ||
| 260 | _c1999 | ||
| 490 |
_aProperty Week _v64(41) 22 October 1999, 2(1) |
||
| 520 | _aRepresentatives of the property industry have met with DETR ministers to express their concern that an increase in Stamp Duty could adversely affect property values. | ||
| 590 | _aWB | ||
| 650 | _aSTAMP DUTY | ||
| 650 | _aPROPERTY VALUES | ||
| 650 | _aGOVERNMENT POLICY | ||
| 650 | _aPROPERTY INDUSTRY | ||
| 650 | _aRICS | ||
| 650 | _aBPF | ||
| 650 | _aABOUT RICS-RELATED ORGANISATIONS-INVESTMENT PROPERTY FORUM | ||
| 650 | _aASSOCIATION OF BRITISH INSURERS | ||
| 690 | _aTAXATION | ||
| 942 | _n0 | ||
| 999 |
_c60246 _d60246 |
||